Sborník vědeckých prací Vysoké školy báňské v Ostravě
| New Title: | Sborník vědeckých prací Vysoké školy baňské v Ostravě. Řada ekonomická Sborník vědeckých prací Vysoké školy baňské v Ostravě. Řada elektrotechnická Sborník vědeckých prací Vysoké školy baňské v Ostravě. Řada společenských věd Sborník vědeckých prací Vysoké školy baňské v Ostravě. Řada hornicko-geologická Sborník vědeckých prací Vysoké školy baňské v Ostravě. Řada hutnická Sborník vědeckých prací Vysoké školy baňské v Ostravě. Řada strojnická |
|---|---|
| Format: | Serial |
| Language: | Czech |
| PhysicalDescription: | zv. cm |
| Published: |
Ostava
Vysoká škola baňská
1955-1965
|
| ISBN: | 8070788445 |
| ISSN: | 0474-8468 0862-2485 0474-8476 0474-8484 |
| Subjects: |
MARC
| LEADER | 00000nas a2200000 a 4500 | ||
|---|---|---|---|
| 001 | vtls001364750 | ||
| 003 | SK-MaSNL | ||
| 005 | 20260228155742.0 | ||
| 008 | 180126sm y0slocCZ 0 cze c | ||
| 020 | |a 8070788445 | ||
| 022 | |a 0474-8468 | ||
| 035 | |a SNK000318399 | ||
| 040 | |a SNK |b slo |c SNK |e AACR2 | ||
| 044 | |a xr |c CZ | ||
| 072 | 7 | |a 622 |x Baníctvo |2 konspekt | |
| 072 | 7 | |a 669 |x Metalurgia |2 konspekt | |
| 080 | |a 622 |2 2011 | ||
| 080 | |a 669 |2 2011 | ||
| 080 | |a (082) |2 2011 | ||
| 080 | |a 050 |2 2011 | ||
| 245 | 0 | 0 | |a Sborník vědeckých prací Vysoké školy báňské v Ostravě |
| 260 | |a Ostava |b Vysoká škola baňská |c 1955-1965 | ||
| 300 | |a zv. |c cm | ||
| 310 | |a Vychádza nepravidelne | ||
| 650 | 0 | 7 | |a baníctvo |2 SNKPH |9 3571 |
| 650 | 0 | 7 | |a metalurgia |2 SNKPH |9 941 |
| 655 | 7 | |a zborníky |2 SNKPH |9 70165 | |
| 785 | 0 | 6 | |t Sborník vědeckých prací Vysoké školy baňské v Ostravě. Řada ekonomická |x 0862-2485 |
| 785 | 0 | 6 | |t Sborník vědeckých prací Vysoké školy baňské v Ostravě. Řada elektrotechnická |
| 785 | 0 | 6 | |t Sborník vědeckých prací Vysoké školy baňské v Ostravě. Řada společenských věd |
| 785 | 0 | 6 | |t Sborník vědeckých prací Vysoké školy baňské v Ostravě. Řada hornicko-geologická |x 0474-8476 |
| 785 | 0 | 6 | |t Sborník vědeckých prací Vysoké školy baňské v Ostravě. Řada hutnická |x 0474-8484 |
| 785 | 0 | 6 | |t Sborník vědeckých prací Vysoké školy baňské v Ostravě. Řada strojnická |x 0862-2485 |
| 910 | |a snk | ||
| 919 | |a 80-7078-844-5 | ||
| 999 | |c 423 |d 423 | ||
| 952 | |0 0 |1 1 |4 0 |7 0 |8 1 |a SNK |b SNK |d 2011-06-14 |i snkČID 141/57 |l 0 |o snkČC 1167/2/1956 |p 17A0698020 |r 2026-02-21 20:06:30 |w 2026-02-21 |y PREZ | ||
| 952 | |0 0 |1 1 |4 0 |7 0 |a SNK |b SNK |d 2011-06-14 |i snkČIP 1630/66 |l 0 |o snkČC 1167/10/1964 |p 17A0698021 |r 2026-02-21 20:06:30 |w 2026-02-21 |y PREZ | ||
| 952 | |0 0 |1 1 |4 0 |7 0 |a SNK |b SNK |d 2011-06-14 |i snkČIP 3049/76 |l 0 |o snkČC 1167/9/1963 |p 17A0698022 |r 2026-02-21 20:06:30 |w 2026-02-21 |y PREZ | ||
| 952 | |0 0 |1 1 |4 0 |7 0 |8 5 |a SNK |b SNK |d 2001-06-14 |i snkF 932/2001 |l 0 |o snkČC 1167/A/37/1991 |p 17A0303802 |r 2005-01-02 00:00:00 |t č. 2 |w 2026-02-21 |y PREZ | ||


